League of legends ultimates - Statistics

General Stats
  • This quiz has been taken 64 times
  • The average score is 11 of 15
Answer Stats
Hint Champion % Correct
Free Zhonya for everybody!!! Bard
93%
Drinks a potent brew of chemicals, granting him increased combat stats, and making his Poison Trail apply Grievous Wounds. Singed
92%
Creates a very long wall and then surfs it. Taliyah
92%
Changes his main weapon. Jayce
80%
Fills her allies with hope, instantly restoring health to herself and all friendly champions. Soraka
78%
Disperses a ring of blades and becomes Invisible while gaining additional Move Speed. When he emerges from Invisibility, the blades converge on his location. Each time the blades move, Shadow Assault deals physical damage to enemies hit by at least one blade. Talon
78%
Gains Move Speed, charming and dealing magic damage to enemies touched. Rakan
77%
Gains increased Attack Damage, Invisibility during q, reduced q cooldown, and more bonus Move Speed.
Vayne
77%
Brazil. Mordekaiser
68%
Throws everything around him in a chosen direction, dealing damage and slowing them. Any enemy that hits a wall is stunned and takes bonus damage. Gnar
67%
Unleashes a channelled beam that follows the cursor for 2.5 seconds that deals magic damage. Vel'koz
65%
Summons a colossal wall of brambles and thorns that slowly advances forwards, damaging and rooting any enemies in the path. Maokai
63%
Removes all croud control, and reduces incoming damage. Alistar
60%
Hops into the air and slams down at a target area, dealing magic damage and slowing enemies. Rammus
38%
Leaps into the air and gains a shield. Upon landing, nearby enemies are damaged and stunned. Neeko
35%
No matching quizzes found
Score Distribution
Percent of People with Each Score
Percentile by Number Answered
Your Score History
You have not taken this quiz